=LDR 00000nam 2200000 4500 =001 INLIS000000000025954 =005 20130612124427 =008 ***********************************ind** =035 ##$$0010-061300000025954 =041 ##$$a ind =082 ##$$a 959.859 813 =090 ##$$a 959.859 813, PER p =245 ##$$a Peran Pedidikan dalam pembinaan kebudayaan nasional daerah Sumatera Barat, Editor, Benni Djohor =260 ##$$a 1993 $b Padang =300 ##$$a vi, 118 hlm., 23 cm =650 ##$$a Kebudayaan =650 ##$$a Sumatera Barat =850 ##$$a NBPNMAT